000 00423cam a22001457a 4500
008 180718b1998 xxu||||| |||| 00| 0 eng d
020 _a0821341774
082 _aT19x67 Af83/98-99
245 _aAfrican development indicators 1998/99
260 _aWashington, D.C.
_bWorld Bank
_c1998
300 _a427p.
650 _aInvestments, Public - Africa
650 _aBanks and banking - Africa
650 _aEconomic development
999 _c276278
_d276278